Economic Forecasting and Policy
Guardado en:
| Autor principal: | |
|---|---|
| Otros Autores: | , |
| Formato: | Libro |
| Lenguaje: | inglés |
| Publicado: |
Basingstoke
Palgrave Macmillan
2011
|
| Edición: | 2nd ed. |
| Materias: | |
| Etiquetas: |
Sin Etiquetas, Sea el primero en etiquetar este registro!
|
MARC
| LEADER | 00000nam a2200000 4500 | ||
|---|---|---|---|
| 001 | 0169877 | ||
| 005 | 20260302110816.0 | ||
| 020 | |a 978-0-230-30644-8 | ||
| 020 | |a 978-0-230-24322-4 | ||
| 041 | 0 | |a eng | |
| 044 | |a GB | ||
| 245 | 1 | 0 | |a Economic Forecasting and Policy |c Nicolas Carnot, Vincent Koen and Bruno Tissot |
| 250 | |a 2nd ed. | ||
| 264 | 1 | |a Basingstoke |b Palgrave Macmillan |c 2011 | |
| 300 | |a 495 s. | ||
| 500 | |a EBSCO e-books Economics Collection 2012 | ||
| 610 | 2 | 0 | |a prognózovanie |
| 610 | 2 | 0 | |a prognózy hospodárske |
| 610 | 2 | 0 | |a cykly obchodné |
| 610 | 2 | 0 | |a investície |
| 610 | 2 | 0 | |a výdavky obyvateľstva |
| 610 | 2 | 0 | |a dovoz |
| 610 | 2 | 0 | |a vývoz |
| 610 | 2 | 0 | |a zamestnanosť |
| 610 | 2 | 0 | |a ceny |
| 610 | 2 | 0 | |a mzdy |
| 610 | 2 | 0 | |a trh finančný |
| 610 | 2 | 0 | |a úrok |
| 610 | 2 | 0 | |a bondy |
| 610 | 2 | 0 | |a ceny burzové |
| 610 | 2 | 0 | |a akcie |
| 610 | 2 | 0 | |a nehnuteľnosti |
| 610 | 2 | 0 | |a kurz výmenný |
| 610 | 2 | 0 | |a stabilita finančná |
| 610 | 2 | 0 | |a financie verejné |
| 610 | 2 | 0 | |a makroekonomika |
| 610 | 2 | 0 | |a politika fiškálna |
| 610 | 2 | 0 | |a riziko |
| 610 | 2 | 0 | |a účty národné |
| 610 | 2 | 0 | |a rady časové |
| 610 | 2 | 0 | |a modely ekonomické |
| 100 | 1 | |a Carnot, Nicolas | |
| 700 | 1 | |a Koen, Vincent | |
| 700 | 1 | |a Tissot, Bruno | |